| 000 | 00698nmm a2200229 a 4500 | ||
|---|---|---|---|
| 999 |
_c2019 _d2019 |
||
| 006 | m||||gq||d| 00| 0 | ||
| 007 | cd gg a|aa| | ||
| 008 | 200124k19802012ii ||||gq||d| 00| 0 eng d | ||
| 022 | _a2250-1967 | ||
| 040 |
_aKO _beng |
||
| 041 | 0 | _aeng | |
| 082 | 0 | 4 |
_223 _a623.8705 _bM3385 |
| 245 | 0 | 0 |
_aMarine Engineers Review (India) : _bjournal of the Institute of Marine Engineers (India) _h[electronic resource] |
| 260 |
_aMumbai : _bThe Institute of Marine Engineers (India), _c1980-2012 |
||
| 300 |
_a9 computer disks ; _c4 ¾ in |
||
| 650 | 0 | _aMarine engineering | |
| 710 | _aThe Institute of Marine Engineers (India) | ||
| 904 | _aRUDRA_R | ||
| 905 | _aR_RANJAN | ||
| 942 | _cCD | ||